[Event "21st Hoogeveen Matches 2017"]
[Site "Hoogeveen"]
[Date "2017.10.25"]
[Round "5"]
[White "Adhiban, B.."]
[Black "Van Foreest, Jorden"]
[Result "1-0"]
[WhiteElo "2671"]
[BlackElo "2609"]
[Annotator "TA"]
[PlyCount "123"]
[EventDate "2017.??.??"]
[EventType "match"]
[EventCountry "NED"]
[SourceTitle "playchess.com"]
[Source "ChessBase"]
[SourceQuality "1"]

{[%evp 25,123,23,16,19,13,17,17,22,14,10,16,6,5,3,6,1,42,43,48,45,52,46,67,23,36,28,30,30,72,60,69,75,88,84,84,78,81,81,80,73,88,100,201,210,208,208,342,343,327,312,328,313,309,232,208,190,313,293,289,240,234,154,300,270,983,939,1004,252,201,0,946,882,29976,29977,29977,29976,29976,29977,29977,29978,29978,29979,29979,29980,29980,29976,29976,29975,29973,29975,29976,29977,29977,29978,29978,29979,29978,29979,29982,29983]} 1. d4 d5 2. c4 dxc4 3. e3 Nf6 4. Bxc4 e6 5. Nf3 c5 6. O-O Nc6 7. a3 a6 8. dxc5 Qxd1 9. Rxd1 Bxc5 10. b4 Be7 11. Bb2 O-O 12. Nbd2 {D27: Angenommenes Damengambit (Hauptvariante 7.e4, 7.a4)} Bd7 (12... Rd8 13. Rac1 Bd7 14. Nb3 Be8 15. Rxd8 Rxd8 16. Be2 Nd7 17. Nfd4 Ndb8 18. f4 Nxd4 19. Bxd4 Nc6 {½-½ (27) Andres Gonzalez,A (2518)-Velten,P (2449) San Sebastian 2017}) 13. Be2 Rfd8 {LiveBook: 3 Partien} 14. Nc4 {Die Stellung ist ausgeglichen.} Be8 15. Nd4 Nxd4 $146 ({Vorgänger:} 15... b5 16. Nxc6 Bxc6 17. Na5 Rxd1+ 18. Bxd1 Bd5 19. Rc1 Kf8 {½-½ (52) Niegsch,N (2004)-Hansch,T (2116) Dresden 2013}) 16. Bxd4 Bb5 17. Bf1 Rac8 18. Na5 Bxf1 19. Kxf1 Rc7 20. Be5 Rcd7 21. Rxd7 Rxd7 22. Rc1 h5 23. Rc8+ Kh7 24. Bxf6 Bxf6 $14 {[%mdl 4096] Endspiel KTL-KTS} 25. Ke2 Bb2 26. Nc4 Bc3 27. Nb6 Rd2+ 28. Kf3 $1 Be5 29. Rc5 Bd6 30. Rxh5+ Kg6 31. Rh8 Ra2 32. h4 {[%cal Bh2h4,Bh4h5][%mdl 32]} Bh2 33. Nd7 {h5+ ist eine echte Drohung.} Bd6 (33... f5 $16 {war angesagt.}) 34. h5+ $18 Kg5 35. Rh7 Rxa3 (35... f5 {war einen Versuch wert.} 36. Rxg7+ Kxh5 37. Nf6+ Kh6) 36. Rxg7+ Kxh5 {[#]} 37. g4+ $1 ({Weniger gut wäre} 37. Rxf7 Bxb4 38. Rf6 Ra2 $16) 37... Kh6 38. Rxf7 Bxb4 39. Rf6+ Kg7 {beabsichtigt ...Td3.} 40. Rxe6 b5 (40... Rc3 $142 41. Rb6 Rc7 42. Rxb4 Rxd7) 41. g5 Ra2 {[#]} 42. Nf6 $1 Be1 43. Ng4 a5 (43... b4 $16 44. Rb6 a5) 44. Rb6 b4 $2 (44... Rb2 45. Rb7+ Kg6 46. Ne5+ Kxg5) 45. Kf4 Bc3 46. Rb7+ $2 (46. Kf5 Rd2 47. Rb7+ Kf8 48. e4) 46... Kg6 47. Rb6+ $2 (47. f3) 47... Kg7 $1 48. Kf5 a4 49. Rb7+ {Weiß setzt Matt.} Kf8 50. Nf6 Rxf2+ 51. Ke6 {[%csl Ge6][%cal Rb7f7]} Bxf6 52. gxf6 {[%cal Rb7b8] KT-KT} Kg8 53. Rxb4 a3 54. Ra4 a2 55. e4 {[%cal Be3e4,Be4e5,Be5e6][%mdl 32]} Kh7 56. Kf7 Rb2 57. e5 {[%cal Ra4h4]} Rb7+ 58. Ke8 Rb8+ 59. Kd7 Kg6 60. Rxa2 Kf7 61. Ra6 Rh8 62. e6+ {Precision: Weiß = 80%, Schwarz = 63%.} 1-0

[Event "21st Hoogeveen Matches 2017"]
[Site "Hoogeveen"]
[Date "2017.10.26"]
[Round "6"]
[White "Wei, Yi"]
[Black "Ivanchuk, Vassily"]
[Result "1-0"]
[WhiteElo "2740"]
[BlackElo "2732"]
[Annotator "TA"]
[PlyCount "67"]
[EventDate "2017.??.??"]
[EventType "match"]
[EventCountry "NED"]
[SourceTitle "playchess.com"]
[Source "ChessBase"]
[SourceQuality "1"]

{[%evp 20,67,51,54,60,42,58,-2,22,38,61,52,47,57,63,39,52,50,112,112,103,75,80,97,111,106,94,45,158,155,146,108,285,270,898,902,897,872,871,877,887,425,409,0,865,839,1181,1189,1181,1181]} 1. e4 c5 2. Nf3 e6 3. d4 cxd4 4. Nxd4 Nc6 5. Nc3 a6 6. Nxc6 bxc6 7. Bd3 Qc7 8. O-O Nf6 9. Qe2 d5 10. Bg5 {B46: Sicilian: Taimanov: 5 Nc3 a6} Bb7 11. f4 {LiveBook: 3 Games} h6 12. Bh4 {White is slightly better.} (12. Bxf6 $5 gxf6 13. f5 $11) 12... Be7 13. Bg3 $146 (13. e5 $14 Nd7 14. Bxe7 Kxe7 15. Qg4) ({Predecessor:} 13. e5 Nd7 14. Bxe7 Kxe7 15. Rae1 g6 16. b3 c5 17. Nd1 Nb6 {0-1 (73) Inarkiev,E (2686)-Bocharov,D (2609) Apatity 2011}) 13... O-O 14. e5 {[%cal Be4e5,Be5e6][%mdl 32]} Ne8 15. f5 $1 {[%cal Rf5e6]} exf5 16. Bxf5 {And now e6 would win.} Qb6+ 17. Kh1 {Strongly threatening e6.} g6 $1 {[%cal Rg6f5]} 18. Bd7 $1 Rd8 (18... Kh7 $14) 19. e6 $16 {[#] Black must now prevent exf7+.} f5 20. Qd2 Kh7 21. Bf2 Qa5 22. Be3 h5 23. Qf2 {Threatens to win with Bb6.} c5 ({Black should play} 23... Nf6 $1 $14) 24. Qf4 $36 {[%mdl 2048] White is really pushing.} g5 25. Qf3 g4 $2 {[#]} (25... Ng7 $16) 26. Qf4 $18 Rf6 $2 (26... Ng7 27. Na4 Qb4 28. Qh6+ Kg8) 27. Bxe8 ({Not} 27. Qg5 Ng7 $15) 27... Rxe8 28. Qg5 $1 {[%csl LRf5,LRh5]} Ref8 29. Qxh5+ Kg7 30. Qg5+ (30. Bg5 $142 d4 31. Bxf6+ Rxf6 32. Rxf5 Rxf5 33. Qxf5) 30... Kh8 31. Qh5+ (31. Qh4+ $142 Kg8 32. Qg5+ Kh8 33. Qh5+ Kg8 34. Bh6 Rxh6 35. Qxh6) 31... Kg7 $1 32. Bg5 {White is clearly winning.} d4 33. Bxf6+ Rxf6 34. Rxf5 {Precision: White = 74%, Black = 41%.} 1-0

[Event "21st Hoogeveen Matches 2017"]
[Site "Hoogeveen"]
[Date "2017.10.26"]
[Round "6"]
[White "Van Foreest, Jorden"]
[Black "Adhiban, B.."]
[Result "1/2-1/2"]
[WhiteElo "2609"]
[BlackElo "2671"]
[Annotator "TA"]
[PlyCount "71"]
[EventDate "2017.??.??"]
[EventType "match"]
[EventCountry "NED"]
[SourceTitle "playchess.com"]
[Source "ChessBase"]
[SourceQuality "1"]

{[%evp 24,71,7,0,5,0,0,10,14,6,26,31,34,22,27,29,22,0,0,0,0,0,0,-34,-27,-27,-36,-53,-53,-53,-60,-73,-47,-92,0,0,0,0,0,-1,0,0,0,0,0,0,0,0,0,0]} 1. e4 e5 2. Nf3 Nc6 3. Bc4 Nf6 4. d3 Bc5 5. c3 O-O 6. O-O d5 7. exd5 Nxd5 8. Re1 Bg4 9. h3 {C54: Giuoco Piano: 4 c3 Nf6, main lines with 5 d4 and 5 d3} Bh5 10. b4 (10. Nbd2 Nb6 11. Bb5 Bd6 12. Ne4 Re8 13. Bg5 Qd7 14. Ng3 Bg6 15. Nh4 a6 16. Bxc6 Qxc6 17. Nxg6 hxg6 18. h4 Re6 19. h5 Rae8 20. hxg6 Rxg6 {½-½ (34) Annaberdiev,M (2496)-Le,Q (2739) Ashkhabad 2017}) 10... Be7 11. b5 Na5 12. Rxe5 Nf6 13. Nbd2 {LiveBook: 3 Games} Bd6 14. Re1 Re8 15. Bb3 Rxe1+ $146 ({Predecessor:} 15... Qd7 16. c4 Rxe1+ 17. Qxe1 {0-1 (27) Heinrich,O (2233)-Toedter,H (2342) Remote email 2013}) 16. Qxe1 Nxb3 17. axb3 Nd5 18. g4 Bg6 19. Ne4 h5 {next ...hxg4 is good for Black.} 20. Ra4 hxg4 21. hxg4 Qd7 22. Nxd6 cxd6 23. Rd4 Re8 {[%mdl 1024] Black has compensation.} 24. Qd2 Nc7 {[%cal Bd5c7,Bc7e6,Be6c5,Bc5d3][%mdl 32]} 25. c4 Ne6 $1 {[%cal Re6d4]} 26. Rd5 Nc5 27. Qg5 Nxd3 28. Bf4 {[#]} Qe6 (28... Re6 $1 $17 {...Be4 is the strong threat.} 29. Be5 Nxe5 30. Nxe5 Qc8 31. Nxg6 Rxg6) 29. Be3 $1 $11 {The position is equal.} Nb4 30. Rd1 Nc2 31. Nd4 ({Not} 31. Bxa7 $2 Qe2 $19) 31... Qe4 {[%cal Rc2e3]} 32. Nxc2 Qxc2 33. Rxd6 Qxb3 34. Rd8 Rxd8 35. Qxd8+ Kh7 36. Qh4+ {Precision: White = 71%, Black = 91%.} 1/2-1/2

[Event "21st Hoogeveen Matches 2017"]
[Site "Hoogeveen"]
[Date "2017.10.26"]
[Round "7"]
[White "Ivanchuk, Vassily"]
[Black "Wei Yi"]
[Result "1-0"]
[WhiteElo "2732"]
[BlackElo "2740"]
[Annotator "TA"]
[PlyCount "93"]
[EventDate "2017.??.??"]
[EventType "match"]
[EventCountry "NED"]
[SourceTitle "playchess.com"]
[Source "ChessBase"]
[SourceQuality "1"]

{[%evp 9,93,-8,0,-39,-4,-12,0,-83,-79,-80,-37,-55,-45,-40,-35,-64,-19,-33,-27,-59,-57,-50,-56,-56,-54,-56,-56,-54,-50,-58,-51,-66,-10,-39,-6,-8,-16,-27,60,71,75,59,87,58,116,127,163,178,160,172,191,183,152,119,379,351,676,660,2626,2230,2115,824,808,791,5103,4794,29970,29971,29968,29969,29966,29968,6643,6506,5189,5185,29981,29982,29982,29983,29983,29983,29986,29987,29990,29988]} 1. d4 Nf6 2. c4 e6 3. Nc3 Bb4 4. Nf3 O-O 5. Qb3 c5 6. a3 {E22: Nimzo-Indian: 4 Qb3} (6. dxc5 Na6 7. Bd2 Bxc5 8. e3 b6 9. Rd1 Bb7 10. Bc1 Be7 11. Rd4 Nc5 12. Qc2 d5 13. cxd5 exd5 {½-½ (38) Stocek,J (2545)-Melkumyan,H (2647) Benasque 2014}) 6... Ba5 (6... Bxc3+ $5 7. bxc3 Nc6 $11) 7. Bg5 $146 ({Predecessor:} 7. dxc5 Ne4 8. Bd2 Nxd2 9. Nxd2 Na6 10. e3 Nxc5 11. Qc2 Bxc3 12. Qxc3 a5 13. Be2 a4 {½-½ (52) Hansen,H (2025)-Bjarnason,S (2285) Torshavn 1997}) 7... h6 8. Bd2 (8. Bxf6 $11 {remains equal.} Qxf6 9. e3) 8... cxd4 $17 9. Nxd4 Nc6 (9... d5 {looks sharper.} 10. cxd5 exd5 11. e3 Nc6 12. Be2 Re8) 10. e3 d5 {[%cal Bd7d5,Bd5d4][%mdl 32]} 11. Nxc6 bxc6 12. Qc2 e5 {And now ...d4 would win.} 13. Bd3 d4 14. Ne4 Nxe4 15. Bxe4 dxe3 16. Bxa5 Qxa5+ 17. b4 exf2+ 18. Qxf2 Qc7 19. Qc5 Bd7 20. Rd1 Rac8 (20... Bg4 $15 21. Rd2 Be6) 21. Rd6 f5 22. Bc2 f4 23. Be4 Bf5 (23... Rf6 $11 24. Rxf6 gxf6) 24. Rxc6 $14 Qd7 25. Bd5+ Kh7 {next ...Bd3 is good for Black.} 26. O-O Rxc6 (26... Rfd8 $14) 27. Bxc6 $16 Qf7 28. Qxe5 Qxc4 {[#]} 29. Bd5 $1 {[%cal Rd5c4]} Qc8 30. Qxf4 {g4! is the strong threat.} Rf6 {Black wants to play ...Bd3.} 31. Qe5 Qc2 $2 {[%mdl 8192]} (31... Rf8 $16 32. h3 Bg6) 32. h3 $18 Qd3 $2 (32... h5 33. Qe8 Bg6 34. Qg8+ Kh6 35. Qh8+ Bh7) 33. Rf3 Qb1+ 34. Kh2 Qc2 {[#]} 35. a4 (35. Rxf5 $142 $1 {[%mdl 512]} Qc8 (35... Qxf5 36. Be4) 36. Be4) 35... Qc8 36. b5 Rf8 {[#]} 37. Rxf5 $1 {[%mdl 512]} Rxf5 {[%mdl 4096] Endgame KQR-KQB} (37... Qxf5 38. Be4) 38. Be4 g6 39. Bxf5 gxf5 {KQ-KQ} 40. Qe7+ Kg6 41. Qxa7 {Intending Qa6+ and mate.} Qd8 42. Qf2 Qd5 43. Qg3+ {White mates.} Kf6 44. b6 {[%cal Bb5b6,Bb6b7][%mdl 32]} Qe4 45. a5 f4 46. Qf3 Qe5 47. b7 {Precision: White = 67%, Black = 34%.} 1-0

[Event "21st Hoogeveen Matches 2017"]
[Site "Hoogeveen"]
[Date "2017.10.26"]
[Round "7"]
[White "Foreest, Jorden van"]
[Black "Adhiban, B.."]
[Result "1-0"]
[WhiteElo "2609"]
[BlackElo "2671"]
[Annotator "TA"]
[PlyCount "100"]
[EventDate "2017.??.??"]
[EventType "match"]
[EventCountry "NED"]
[SourceTitle "playchess.com"]
[Source "ChessBase"]
[SourceQuality "1"]

{[%evp 19,100,18,24,16,19,0,25,20,71,70,58,68,72,65,65,62,69,65,79,77,73,64,138,24,128,113,127,148,136,127,131,137,141,130,136,131,125,135,247,252,350,199,199,179,189,190,207,197,289,307,306,241,230,179,494,473,451,335,322,320,300,297,376,342,646,630,673,615,773,740,1112,845,812,1077,1062,1052,2200,2107,12835,12830,12843,12843,29988]} 1. d4 Nf6 2. Bf4 e6 3. Nf3 c5 4. e3 cxd4 5. exd4 b6 6. c3 {A46: 1 d4 Nf6 2 Nf3 e6: Torre, London and Colle Systems} Be7 7. Nbd2 O-O 8. h3 Ba6 9. Bxa6 Nxa6 10. O-O Qc8 {LiveBook: 3 Games} 11. Qe2 Qb7 12. Nc4 Nd5 $146 ({Predecessor:} 12... Qe4 13. Be3 Nc7 14. a4 {½-½ (34) Grachev,B (2640)-Leko,P (2741) Moscow 2008}) 13. Bh2 b5 (13... Nac7 $11 {remains equal.}) 14. Na5 Qb6 15. a4 $1 b4 $1 16. Nc4 $36 {[%mdl 2048] White fights for an advantage.} Qb7 17. Nd6 Qc6 18. Nb5 bxc3 19. Ne5 Qb7 20. bxc3 f6 (20... d6 $14) 21. Nc4 ({Better is} 21. Nf3 $16) 21... Qc6 (21... Nac7 $1 $11 {keeps the balance.}) 22. Na5 Qc8 23. c4 Ndb4 24. Rab1 Re8 25. Bd6 Nc6 26. Nb3 Qd8 27. Rfd1 Bxd6 28. Nxd6 Rf8 (28... Re7 $16 29. d5 exd5) 29. d5 $18 Ne5 30. c5 (30. dxe6 $142 {Threatens to win with f4.} Rb8 31. c5) 30... Nc7 31. f4 Ng6 32. f5 exf5 33. Nxf5 Re8 (33... Qe8 {was worth a try.} 34. Qc2 Nf4) 34. Qg4 Re5 35. h4 Qf8 36. h5 Nxd5 $2 (36... Ne7 {is tougher.} 37. Nh6+ Kh8) 37. hxg6 hxg6 38. Qxg6 {[#] Strongly threatening Nh6+.} Ne7 39. Nxe7+ Qxe7 40. Qg4 f5 41. Qd4 Rd8 $2 {[#]} (41... Re8 42. Qc4+ Kh8) 42. c6 $1 {[%cal Bc5c6,Bc6c7][%mdl 32] White is clearly winning.} d5 (42... dxc6 43. Qxd8+) 43. Rbc1 Kh7 44. Qf2 g6 45. Nd4 {[%cal Bb3d4,Bd4b5,Bb5c3,Bc3d5][%mdl 32]} Re4 46. c7 {And now Nxf5 would win.} Rc8 47. Nb5 a6 48. Nc3 Re5 49. Nxd5 Qf7 50. Qd4 Qg7 {Precision: White = 72%, Black = 29%.} 1-0

[Event "21st Hoogeveen Matches 2017"]
[Site "Hoogeveen"]
[Date "2017.10.26"]
[Round "8"]
[White "Wei Yi"]
[Black "Ivanchuk, Vassily"]
[Result "0-1"]
[WhiteElo "2740"]
[BlackElo "2732"]
[Annotator "TA"]
[PlyCount "36"]
[EventDate "2017.??.??"]
[EventType "match"]
[EventCountry "NED"]
[SourceTitle "playchess.com"]
[Source "ChessBase"]
[SourceQuality "1"]

{[%evp 12,36,55,14,19,17,22,22,16,1,37,34,31,25,33,25,37,-74,-43,-191,-203,-233,-226,-390,-380,-388,-383]} 1. e4 d5 2. exd5 Qxd5 3. Nc3 Qa5 4. d4 c6 5. Bd2 Bf5 6. Bc4 e6 7. Qf3 {LiveBook: 3 Games. B01: Scandinavian Defence} (7. Qe2 Bb4 8. Nf3 Nd7 9. O-O Ngf6 10. a3 Bxc3 11. Bxc3 Qc7 {½-½ (11) Kovacevic,A (2557)-Savic,M (2515) Kragujevac 2012}) 7... Nd7 8. O-O-O Ngf6 $146 ({Predecessor:} 8... Qc7 9. g4 Bg6 10. Nge2 Bd6 11. Nf4 Nb6 12. Bb3 Ne7 13. Bxe6 fxe6 14. Nxe6 Qd7 15. Nxg7+ {1-0 (36) Huschenbeth,N (2279)-Almond,R (2088) Dresden 2007}) 9. Nge2 {The position is equal.} Qc7 10. h3 h6 11. Rhe1 O-O-O 12. Kb1 Bd6 13. g4 Bh7 14. Nf4 {[#]} (14. Bd3 $14 {stays ahead.}) 14... e5 $1 $17 {[%cal Re5f4]} 15. dxe5 (15. Nfe2 $1 $15) 15... Nxe5 $19 16. Qe2 Rhe8 17. Be3 $2 (17. Ng2 {was worth a try.}) 17... Nxc4 18. Qxc4 b5 {Precision: White = 26%, Black = 79%.} 0-1

[Event "21st Hoogeveen Matches 2017"]
[Site "Hoogeveen"]
[Date "2017.10.26"]
[Round "8"]
[White "Adhiban Baskaran"]
[Black "Foreest, Jorden van"]
[Result "0-1"]
[WhiteElo "2671"]
[BlackElo "2609"]
[Annotator "TA"]
[PlyCount "82"]
[EventDate "2017.??.??"]
[EventType "match"]
[EventCountry "NED"]
[SourceTitle "playchess.com"]
[Source "ChessBase"]
[SourceQuality "1"]

{[%evp 19,82,41,35,12,12,16,45,0,7,0,0,0,0,0,0,0,0,0,20,20,25,30,27,-30,0,0,0,-25,133,129,329,-126,573,551,516,4,10,0,53,48,20,15,34,0,0,-619,0,0,0,0,29994,0,0,-90,-93,-93,-90,-214,-214,-226,-226,-214,-214,-210,-194]} 1. d4 d5 2. c4 dxc4 3. Nc3 e5 4. e3 exd4 5. exd4 Nf6 6. Bxc4 Be7 7. Nf3 O-O 8. O-O Nbd7 9. Re1 {C42: Petroff Defence: 3 Nxe5 and unusual White 3rd moves} Nb6 10. Bb3 c6 {LiveBook: 38 Games} 11. Qe2 {White is slightly better.} Re8 $1 12. Bg5 {Hoping for Bxf6.} Bd7 $146 ({Predecessor:} 12... Bg4 13. Bxf7+ Kxf7 14. Ne5+ Kf8 15. Nxg4 Qxd4 16. h3 {1-0 (29) Riazantsev,A (2705)-Hasangatin,R (2496) Loo 2013}) 13. Ne5 Nfd5 14. Bd2 Be6 15. Qf3 a5 16. Rad1 Bf8 17. Bc2 Nxc3 18. bxc3 g6 19. Bb3 Bxb3 20. axb3 Qd5 21. Qh3 (21. Qf4 $142 Bd6 22. c4) 21... Qxb3 22. Rb1 Qa2 23. Bg5 Nd5 $2 ({Not} 23... Rxe5 24. dxe5 Bc5 25. Be3 $16) (23... Na4 $11) 24. Rxb7 $16 Nxc3 $2 (24... h6 $16) 25. Be3 $2 {[#]} ({White must play} 25. Qxc3 $18 Bb4 26. Qa1 (26. Qxc6 Bxe1 27. Rxf7 Bc3 $11) 26... Qxa1 27. Rxa1) 25... Nd5 $2 {[%mdl 8192]} (25... Qe6 $1 $17 {and life is bright. Strongly threatening ...Qxh3.} 26. Qf3 f6) 26. Rxf7 $18 {[%csl Gf7][%cal Rh3h7]} Bg7 27. Rxg7+ $2 $40 {[%mdl 128] White is up to no good.} (27. Qd7 $18 Bf8 28. Ng4) 27... Kxg7 $11 28. Bh6+ Kg8 (28... Kh8 $11) 29. Qd7 $14 {[%csl Gh6][%cal Rd7g7]} Re7 30. Qxc6 Rae8 31. h4 Nb4 32. Qf6 $2 {[%mdl 8192] [#]} (32. Qb6 $11) 32... Nd3 $2 ({Better is} 32... Rf7 $1 $19 {[%cal Rf7f6][%mdl 512]} 33. Nxf7 Rxe1+ 34. Kh2 Qxf7) 33. Nxd3 $11 Rxe1+ 34. Nxe1 Rxe1+ {[%mdl 4096] Endgame KQR-KQB} 35. Kh2 {[%csl Gh6][%cal Rf6g7]} Qf7 36. Qd8+ (36. Qc6 $11) 36... Re8 $17 37. Qxa5 Qxf2 38. Bg5 (38. Qd5+ $17 {was worth a try.} Qf7 39. Qc5) 38... Qxd4 $19 {Black is clearly better.} 39. Qa2+ Kg7 40. Qc2 Qe5+ 41. Kh3 Qf5+ {Precision: White = 33%, Black = 45%.} 0-1